Sports Quiz

Random Sports or Basketball Quiz

Last 16 Sweet 16s Quiz Stats

 Plays Quiz Updated Mar 20, 2018

Challenge
Share
Tweet
Embed
Score 0/256 Timer 08:00
3 Plays Today
Year Team % Correct
2018Duke
97.7%
2015Duke
97.6%
2016Duke
97.6%
2003Duke
97.6%
2004Duke
97.6%
2005Duke
97.6%
2006Duke
97.6%
2009Duke
97.6%
2010Duke
97.6%
2011Duke
97.6%
2013Duke
97.6%
2005North Carolina
96.6%
2007North Carolina
96.6%
2016North Carolina
96.6%
2008North Carolina
96.6%
2009North Carolina
96.6%
2011North Carolina
96.6%
2012North Carolina
96.6%
2017North Carolina
96.3%
2003Kentucky
95.8%
2005Kentucky
95.8%
2010Kentucky
95.8%
2011Kentucky
95.8%
2012Kentucky
95.8%
2014Kentucky
95.8%
2006Florida
95.3%
2007Florida
95.3%
2011Florida
95.3%
2012Florida
95.3%
2013Florida
95.3%
2014Florida
95.3%
2013Michigan
95.1%
2014Michigan
95.1%
2018Michigan
95%
2018Kansas
95%
2018Kentucky
94.4%
2003Kansas
94.2%
2004Kansas
94.2%
2008Kansas
94.2%
2011Kansas
94.2%
2012Kansas
94.2%
2013Kansas
94.2%
2007Kansas
94.2%
2009Kansas
94.2%
2017Kentucky
94%
2017Michigan
93.3%
2003Michigan State
93.2%
2005Michigan State
93.2%
2008Michigan State
93.2%
2009Michigan State
93.2%
2010Michigan State
93.2%
2012Michigan State
93.2%
2013Michigan State
93.2%
2014Michigan State
93.2%
2017Kansas
93.2%
2017Florida
93.2%
2006UCLA
93%
2008UCLA
93%
2014UCLA
93%
2007UCLA
93%
2003Texas
92.2%
2004Texas
92.2%
2006Texas
92.2%
2008Texas
92.2%
2017UCLA
92.2%
2016Syracuse
90.6%
2015UCLA
90.3%
2016Indiana
89.8%
2015Oklahoma
89.7%
2015Wisconsin
89.4%
2012Ohio
89.4%
2003Arizona
89.1%
2005Arizona
89.1%
2009Arizona
89.1%
2011Arizona
89.1%
2014Arizona
89.1%
2013Arizona
89.1%
2018Florida St.
88.8%
2003Wisconsin
87.3%
2005Wisconsin
87.3%
2008Wisconsin
87.3%
2011Wisconsin
87.3%
2012Wisconsin
87.3%
2014Wisconsin
87.3%
2015North Carolina
87.3%
2007Ohio State
86.8%
Year Team % Correct
2010Ohio State
86.8%
2011Ohio State
86.8%
2012Ohio State
86.8%
2013Ohio State
86.8%
2017Arizona
86.4%
2003Oklahoma
86.3%
2009Oklahoma
86.3%
2007USC
86.3%
2018Villanova
85.9%
2017Oregon
85.8%
2012Indiana
85.7%
2013Indiana
85.7%
2007Oregon
85.7%
2013Oregon
85.7%
2015Michigan State
85.6%
2003Syracuse
85.5%
2009Syracuse
85.5%
2010Syracuse
85.5%
2012Syracuse
85.5%
2013Syracuse
85.5%
2004Syracuse
85.5%
2018Syracuse
85%
2016Virginia
84.8%
2016Notre Dame
84.4%
2014Virginia
84.3%
2015Arizona
84.2%
2003Connecticut
83.5%
2004Connecticut
83.5%
2006Connecticut
83.5%
2009Connecticut
83.5%
2011Connecticut
83.5%
2014Connecticut
83.5%
2017Wisconsin
83.5%
2018Kansas State
83.5%
2016Kansas
82.1%
2005Louisville
82%
2008Louisville
82%
2009Louisville
82%
2012Louisville
82%
2013Louisville
82%
2014Louisville
82%
2011Florida State
81.7%
2016Oregon
81.4%
2005Washington
81.4%
2006Washington
81.4%
2010Washington
81.4%
2016Texas A&M
81.3%
2015Louisville
81%
2015Kentucky
81%
2015Gonzaga
80.7%
2017Gonzaga
80.5%
2016Wisconsin
80.1%
2016Gonzaga
79.5%
2005Villanova
78.9%
2006Villanova
78.9%
2008Villanova
78.9%
2009Villanova
78.9%
2018Gonzaga
78.3%
2004Oklahoma State
78.1%
2005Oklahoma State
78.1%
2004Illinois
77.9%
2005Illinois
77.9%
2015West Virginia
77.6%
2010Kansas State
77.6%
2005North Carolina State
77.4%
2012North Carolina State
77.4%
2003Maryland
76.9%
2017South Carolina
76.7%
2006Gonzaga
76.5%
2009Gonzaga
76.5%
2018Texas Tech
76.5%
2007Tennessee
76.4%
2008Tennessee
76.4%
2010Tennessee
76.4%
2014Tennessee
76.4%
2006LSU
75.8%
2006Georgetown
75.5%
2007Georgetown
75.5%
2013Miami (FL)
74.8%
2016Miami (FL)
74.8%
2007Butler
74.6%
2003Butler
74.6%
2010Butler
74.6%
2011Butler
74.6%
2004Alabama
74.4%
2016Iowa State
73.3%
Year Team % Correct
2014Iowa State
73.3%
2004Georgia Tech
71.6%
2017Butler
71.4%
2016Oklahoma
70.5%
2018West Virginia
69.4%
2008Stanford
69.3%
2014Stanford
69.3%
2018Purdue
69.1%
2005Utah
68.7%
2017West Virginia
68.5%
2007Texas A&M
67.5%
2017Purdue
66.9%
2005Texas Tech
66.6%
2006West Virginia
66.4%
2008West Virginia
66.4%
2005West Virginia
66.4%
2010West Virginia
66.4%
2003Pittsburgh
66.3%
2004Pittsburgh
66.3%
2007Pittsburgh
66.3%
2009Pittsburgh
66.3%
2010Baylor
65.8%
2012Baylor
65.8%
2014Baylor
65.8%
2008Washington State
64.2%
2003Notre Dame
63.6%
2015Wichita State
63.4%
2010Purdue
63.3%
2009Purdue
63.3%
2018Clemson
63.2%
2009Missouri
63%
2018Loyola Chicago
62.8%
2015Notre Dame
62.8%
2007UNLV
62.8%
2006Wichita State
62%
2013Wichita State
62%
2017Baylor
61.8%
2006Memphis
61.7%
2007Memphis
61.7%
2008Memphis
61.7%
2009Memphis
61.7%
2004Wake Forest
61.2%
2015Utah
60.7%
2017Xavier
58.7%
2006George Mason
58.4%
2011Virginia Commonwealth
58.1%
2015Xavier
57.8%
2018Nevada
56.5%
2012Cincinnati
55.1%
2004Xavier
54.5%
2008Xavier
54.5%
2009Xavier
54.5%
2010Xavier
54.5%
2012Xavier
54.5%
2003Marquette
53.5%
2011Marquette
53.5%
2012Marquette
53.5%
2013Marquette
53.5%
2015North Carolina State
53.4%
2011Brigham Young
53%
2003Auburn
52.8%
2006Boston College
52.6%
2013Florida Gulf Coast
50%
2016Maryland
48.6%
2018Texas A&M
47.4%
2011San Diego State
47.4%
2014San Diego State
47.4%
2014Dayton
47.1%
2016Villanova
47.1%
2004Vanderbilt
45.7%
2007Vanderbilt
45.7%
2004Saint Joseph's
43.3%
2004Nevada
38.6%
2008Davidson
36.2%
2010Northern Iowa
28%
2010Saint Mary's
26%
2008Western Kentucky
24.7%
2010Cornell
21.3%
2011Richmond
20.7%
2004UAB
20%
2013La Salle
18.9%
2007Southern Illinois
18.9%
2006Bradley
15.8%
2005Wisconsin Milwaukee
13.6%

You're not logged in!

Compare scores with friends on all Sporcle quizzes.
Join for Free
OR
Log In

You Might Also Like...

Show Comments

Extras

Top Quizzes Today


Score Distribution

Your Account Isn't Verified!

In order to create a playlist on Sporcle, you need to verify the email address you used during registration. Go to your Sporcle Settings to finish the process.

Report this User

Report this user for behavior that violates our Community Guidelines.

Details: